书目信息 |
| 题名: |
控制测量
|
|
| 作者: | ;南京地质学校 编 | |
| 分册: | 上册 | |
| 出版信息: | 北京 测绘出版社 1978 |
|
| 页数: | 399页 | |
| 开本: | 20cm | |
| 丛书名: | ||
| 单 册: | ||
| 中图分类: | TD173 | |
| 科图分类: | ||
| 主题词: | 矿山测量:控制测量 , 控制测量:矿山测量 | |
| 电子资源: | ||
| ISBN: | ||
| 000 | 00618nam0 2200229 45 | |
| 001 | 0178001208 | |
| 005 | 20060809103914.17 | |
| 010 | @dCNY1.05 | |
| 091 | @a15039.新95 | |
| 100 | @a19950802d1978 em y0chiy0121 ea | |
| 101 | 0 | @achi |
| 102 | @aCN@b110000 | |
| 105 | @ay z 000yy | |
| 200 | 10 | @a控制测量@Akong zhi ce liang@h上册@f南京地质学校等编 |
| 210 | @a北京@c测绘出版社@d1978 | |
| 215 | @a399页@d20cm | |
| 606 | @a矿山测量:控制测量 | |
| 606 | @a控制测量:矿山测量 | |
| 690 | @aTD173@v3 | |
| 711 | 02 | @a南京地质学校@Anan jing di zhi xue xiao@4编 |
| 801 | 0 | @aCN@bTSSF@c20060809 |
| 905 | @a10447@dTD173@e108:1 | |
| 控制测量.上册/南京地质学校等编.-北京:测绘出版社,1978 |
| 399页;20cm |
| ISBN :CNY1.05 |
| ● |
| 相关链接 |
|
|
|
|
正题名:控制测量
索取号:TD173/108:1
 
预约/预借
| 序号 | 登录号 | 条形码 | 馆藏地/架位号 | 状态 | 备注 |
| 1 | 0451878 | 204518780 | 密集书库/ [索取号:TD173/108:1] | 在馆 | |
| 2 | 0451879 | 204518799 | 密集书库/ [索取号:TD173/108:1] | 在馆 | |
| 3 | 0451880 | 204518806 | 密集书库/ [索取号:TD173/108:1] | 在馆 | |
| 4 | 0451881 | 204518815 | 密集书库/ [索取号:TD173/108:1] | 在馆 | |
| 5 | 0451882 | 204518824 | 密集书库/ [索取号:TD173/108:1] | 在馆 |